Costa Rica, IV Bienal del Caribe, 2001 : Santo Domingo, República Dominicana
Kaydedildi:
| Müşterek Yazar: | |
|---|---|
| Diğer Yazarlar: | |
| Materyal Türü: | Kitap |
| Dil: | Spanish |
| Baskı/Yayın Bilgisi: |
San José, Costa Rica :
Museo de Arte y Diseño Contemporáneo,
2001.
|
| Konular: | |
| Etiketler: |
Etiketle
Etiket eklenmemiş, İlk siz ekleyin!
|
MARC
| LEADER | 00000nam a22000007a 4500 | ||
|---|---|---|---|
| 008 | 140711s2001 cr a|||f ||||a000 0 spa d | ||
| 082 | 0 | 4 | |a 709.728 |b C8335c |
| 110 | 1 | |a Costa Rica. Ministerio de Cultura y Juventud. |b Museo de Arte y Diseño Contemporáneo | |
| 245 | 1 | 0 | |a Costa Rica, IV Bienal del Caribe, 2001 : |b Santo Domingo, República Dominicana |
| 246 | 1 | 0 | |a IV Bienal del Caribe, 2001 |
| 260 | 1 | |a San José, Costa Rica : |b Museo de Arte y Diseño Contemporáneo, |c 2001. | |
| 300 | |a 12 páginas | ||
| 500 | |a En la Bienal participaron los artistas Sila Chanto, Federeico Herrero, Karla Solano, Jaime-David Tischler. | ||
| 505 | |t Chanto, Sila | ||
| 505 | |t Herrero, Federico | ||
| 505 | |t Solano, Karla | ||
| 505 | |t Jaime-David Tischler | ||
| 650 | 1 | 7 | |a ARTE |v EXPOSICIONES |x CATALOGOS |
| 700 | 1 | 2 | |a Barahona Sotela, Rolando |j curador |
| 942 | |2 ddc |c REF | ||
| 999 | |c 3379 |d 3379 | ||
